[Event "Landesliga Sued 0607"]
[Site "Bayern"]
[Date "2006.10.29"]
[Round "2.1"]
[White "Spacek, Petr"]
[Black "Sterzenbach, Gregor"]
[Result "1-0"]
[WhiteElo "2372"]
[BlackElo "2220"]
[PlyCount "113"]
[EventDate "2006.10.15"]
[EventType "team-tourn"]
[EventRounds "9"]
[EventCountry "GER"]
[SourceTitle "EXT 2008"]
[Source "ChessBase"]
[SourceDate "2007.11.25"]
[SourceVersion "1"]
[SourceVersionDate "2007.11.25"]
[SourceQuality "1"]
[WhiteTeam "Bayerwald"]
[BlackTeam "Starnberg"]
[WhiteTeamCountry "GER"]
[BlackTeamCountry "GER"]

1. d4 Nf6 2. c4 g6 3. Nc3 Bg7 4. e4 d6 5. f3 b6 6. Be3 c5 7. d5 a6 8. Qd2 Nbd7 9. Nh3 Ne5 10. Nf2 e6 11. Be2 exd5 12. exd5 0-0 13. 0-0 Rb8 14. a4 Ne8 15. f4 Nd7 16. Nfe4 Ndf6 17. Ng3 h5 18. h3 Bd7 19. Bd3 Qc8 20. f5 h4 21. Nge2 Bxf5 22. Bxf5 gxf5 23. Rf4 Nd7 24. Raf1 Ne5 25. b3 Ng6 26. Rxf5 Be5 27. Ne4 f6 28. Bh6 Rf7 29. Bg5 Qd8 30. R5f3 Rbb7 31. Bf4 Rbe7 32. Bxe5 Rxe5 33. Qh6 Rg7 34. Nxf6+ Nxf6 35. Rxf6 Qe8 36. Nf4 Nxf4 37. Qxf4 Qe7 38. Qxh4 Reg5 39. Rf8+ Qxf8 40. Rxf8+ Kxf8 41. Qf4+ Ke7 42. g4 Re5 43. Kg2 Rf7 44. Qd2 a5 45. h4 Re4 46. Qg5+ Kd7 47. h5 Re2+ 48. Kg3 Re1 49. Qg6 Rff1 50. Qg7+ Kc8 51. h6 Re3+ 52. Kh4 Rxb3 53. Kg5 Rh3 54. Kg6 Rf4 55. g5 Rxc4 56. Kf5 Rch4 57. Ke6 1-0

[Event "Regionalliga SW 0506"]
[Site "Bayern"]
[Date "2006.01.15"]
[Round "5.1"]
[White "Umansky, Mikhail"]
[Black "Sterzenbach, Gregor"]
[Result "1-0"]
[WhiteElo "2448"]
[BlackElo "2280"]
[PlyCount "70"]
[EventDate "2005.10.23"]
[EventType "team-tourn"]
[EventRounds "9"]
[EventCountry "GER"]
[SourceTitle "EXT 2007"]
[Source "ChessBase"]
[SourceDate "2006.11.23"]
[SourceVersion "1"]
[SourceVersionDate "2006.11.23"]
[SourceQuality "1"]

1. d4 Nf6 2. c4 g6 3. g3 Bg7 4. Bg2 0-0 5. Nc3 d6 6. Nf3 Nbd7 7. 0-0 e5 8. e4 c6 9. h3 Qa5 10. d5 cxd5 11. cxd5 b5 12. Re1 Nc5 13. a3 b4 14. axb4 Qxb4 15. Be3 Nfd7 16. Qc2 Ba6 17. Bf1 Bxf1 18. Rxf1 f5 19. exf5 gxf5 20. Ng5 Qc4 21. Rfd1 Rf6 22. b4 Qxb4 23. Na4 Qb3 24. Qxb3 Nxb3 25. Rab1 Nd4 26. Bxd4 exd4 27. Ne6 Nf8 28. Nxd4 Re8 29. Nc6 h5 30. Nc3 f4 31. Rd3 fxg3 32. Rxg3 Rg6 33. Nb5 Rxg3+ 34. fxg3 Be5 35. Kg2 Rb8 1-0